[Event "19. Obert Int. Sant Marti 2017 - B"]
[Site "Barcelona ESP"]
[Date "2017.07.21"]
[Round "9.13"]
[White "Morais Carreras, Javier"]
[Black "Bieg Pagel, Clemens"]
[Result "1-0"]
[WhiteElo "1925"]
[BlackElo "1812"]
[PlyCount "51"]
[EventDate "2017.07.13"]
[EventType "swiss"]
[EventRounds "9"]
[EventCountry "ESP"]
[SourceTitle "Ajedrez en Madrid"]
[Source "lmi"]
[SourceDate "2017.07.13"]
[SourceVersion "1"]
[SourceVersionDate "2019.06.21"]
[SourceQuality "1"]

1. e4 c5 2. Nf3 Nc6 3. Bb5 g6 4. Bxc6 bxc6 5. O-O Bg7 6. Re1 e5 7. c3 d6 8. h3
Ne7 9. d4 cxd4 10. cxd4 O-O 11. dxe5 dxe5 12. Qc2 Be6 13. Ng5 Qc8 14. Be3 Bf6
15. Nxe6 Qxe6 16. Nd2 Rfc8 17. Nb3 Rc7 18. Nc5 Qc8 19. f4 Rb8 20. Rab1 a5 21.
Rf1 Nd5 22. exd5 cxd5 23. fxe5 Bxe5 24. Qe2 d4 25. Nd3 Re7 26. Bf4 1-0

[Event "19. Obert Int. Sant Marti 2017 - B"]
[Site "Barcelona ESP"]
[Date "2017.07.21"]
[Round "9.14"]
[White "Gallego Montes, Antoni"]
[Black "Chandrasekhar, M K."]
[Result "1/2-1/2"]
[WhiteElo "1908"]
[BlackElo "1794"]
[PlyCount "46"]
[EventDate "2017.07.13"]
[EventType "swiss"]
[EventRounds "9"]
[EventCountry "ESP"]
[SourceTitle "Ajedrez en Madrid"]
[Source "lmi"]
[SourceDate "2017.07.13"]
[SourceVersion "1"]
[SourceVersionDate "2019.06.21"]
[SourceQuality "1"]

1. e4 d5 2. d4 dxe4 3. Nc3 Nf6 4. f3 exf3 5. Qxf3 c6 6. h3 e6 7. Bg5 Be7 8.
O-O-O Nbd7 9. Kb1 Nd5 10. Ne4 N7f6 11. Nc5 b5 12. Bd3 Qb6 13. Qf2 a5 14. Nf3 a4
15. a3 b4 16. Ka1 h6 17. Bd2 Bd6 18. Rhf1 Ra5 19. Ne5 Rxc5 20. dxc5 Bxc5 21.
Qg3 bxa3 22. Nc4 axb2+ 23. Kb1 Qa7 1/2-1/2

[Event "19. Obert Int. Sant Marti 2017 - B"]
[Site "Barcelona ESP"]
[Date "2017.07.21"]
[Round "9.15"]
[White "Garcia Quevedo, Jose"]
[Black "Arribas Alvarez, Marti"]
[Result "1-0"]
[WhiteElo "1882"]
[BlackElo "1781"]
[PlyCount "61"]
[EventDate "2017.07.13"]
[EventType "swiss"]
[EventRounds "9"]
[EventCountry "ESP"]
[SourceTitle "Ajedrez en Madrid"]
[Source "lmi"]
[SourceDate "2017.07.13"]
[SourceVersion "1"]
[SourceVersionDate "2019.06.21"]
[SourceQuality "1"]

1. d4 d5 2. c4 c6 3. Nf3 Nf6 4. Nc3 e6 5. e3 Nbd7 6. Bd3 dxc4 7. Bxc4 b5 8. Bd3
a6 9. e4 c5 10. d5 c4 11. Bc2 Bb4 12. O-O O-O 13. dxe6 fxe6 14. e5 Bxc3 15.
bxc3 Nd5 16. Bxh7+ Kh8 17. Ng5 Nxe5 18. Qh5 Nf6 19. Qh4 Ra7 20. Ba3 g6 21.
Bxg6+ Kg8 22. Bc2 Re8 23. Qg3 Neg4 24. Bg6 Rg7 25. Bxe8 Rxg5 26. h3 Qxe8 27.
hxg4 Rxg4 28. Qe5 Qg6 29. g3 Ne4 30. Rad1 Qe8 31. Rd4 1-0

[Event "19. Obert Int. Sant Marti 2017 - B"]
[Site "Barcelona ESP"]
[Date "2017.07.21"]
[Round "9.16"]
[White "Prieto Velasco, Rafael"]
[Black "Colom Andres, Xavier"]
[Result "0-1"]
[WhiteElo "1772"]
[BlackElo "1874"]
[PlyCount "66"]
[EventDate "2017.07.13"]
[EventType "swiss"]
[EventRounds "9"]
[EventCountry "ESP"]
[SourceTitle "Ajedrez en Madrid"]
[Source "lmi"]
[SourceDate "2017.07.13"]
[SourceVersion "1"]
[SourceVersionDate "2019.06.21"]
[SourceQuality "1"]

1. d4 d5 2. c4 c6 3. Nc3 Nf6 4. e3 Bf5 5. cxd5 cxd5 6. Qb3 Nc6 7. Qxb7 Bd7 8.
Qb3 Rb8 9. Qd1 e5 10. Bb5 Bd6 11. Nge2 O-O 12. h3 Re8 13. Bxc6 Bxc6 14. dxe5
Bxe5 15. Nd4 Bd7 16. O-O Qc8 17. Qf3 Rb6 18. Nce2 Ne4 19. Nf4 Rf6 20. h4 Bg4
21. Nxd5 Bxf3 22. Nxf6+ Nxf6 23. Nxf3 Qf5 24. Rd1 h6 25. a4 Qc2 26. Rd2 Qc7 27.
Rd1 Ne4 28. Rd5 f6 29. Ne1 Bh2+ 30. Kf1 Qc4+ 31. Rd3 Rd8 32. Ke2 Rxd3 33. Nxd3
Qc2+ 0-1

[Event "19. Obert Int. Sant Marti 2017 - B"]
[Site "Barcelona ESP"]
[Date "2017.07.21"]
[Round "9.17"]
[White "Gonzalez Moreno, Antoni"]
[Black "Husson, Cybele"]
[Result "1-0"]
[WhiteElo "1734"]
[BlackElo "1870"]
[PlyCount "83"]
[EventDate "2017.07.13"]
[EventType "swiss"]
[EventRounds "9"]
[EventCountry "ESP"]
[SourceTitle "Ajedrez en Madrid"]
[Source "lmi"]
[SourceDate "2017.07.13"]
[SourceVersion "1"]
[SourceVersionDate "2019.06.21"]
[SourceQuality "1"]

1. c4 g6 2. Nc3 Bg7 3. g3 d6 4. Bg2 e5 5. e3 Nd7 6. Nge2 Ne7 7. b3 O-O 8. O-O
Nc5 9. d4 Ne6 10. Bb2 f6 11. Qc2 Rb8 12. Rad1 Bd7 13. b4 b6 14. f4 exf4 15.
exf4 Nf5 16. Bc1 Qc8 17. d5 Nd8 18. Nd4 Re8 19. Nxf5 Bxf5 20. Qd2 Nf7 21. Rde1
Qd7 22. Nb5 a6 23. Nd4 h5 24. Rf2 Bh6 25. Rfe2 Bg4 26. Bf3 Ne5 27. Bxg4 Nxg4
28. Qd3 f5 29. Nc6 Ra8 30. Bb2 Kf7 31. Re7+ Kf8 32. Rxd7 Rxe1+ 33. Kg2 Rae8 34.
Rd8 R1e3 35. Rxe8+ Kxe8 36. Qd2 h4 37. Bd4 Re4 38. h3 hxg3 39. hxg4 Rxf4 40.
Qe3+ Kf8 41. Qe7+ Kg8 42. Qf6 1-0

[Event "19. Obert Int. Sant Marti 2017 - B"]
[Site "Barcelona ESP"]
[Date "2017.07.21"]
[Round "9.18"]
[White "Nilesh, Jindal"]
[Black "Ramos Alvarez, Maximo"]
[Result "1-0"]
[WhiteElo "1722"]
[BlackElo "1865"]
[PlyCount "61"]
[EventDate "2017.07.13"]
[EventType "swiss"]
[EventRounds "9"]
[EventCountry "ESP"]
[SourceTitle "Ajedrez en Madrid"]
[Source "lmi"]
[SourceDate "2017.07.13"]
[SourceVersion "1"]
[SourceVersionDate "2019.06.21"]
[SourceQuality "1"]

1. d4 Nf6 2. c4 e5 3. dxe5 Ng4 4. Nf3 Bc5 5. e3 Nc6 6. a3 a5 7. Be2 O-O 8. Bd2
Ngxe5 9. Bc3 Re8 10. Nbd2 d6 11. O-O Qe7 12. Nxe5 dxe5 13. Bf3 Ra6 14. Bd5 Nd8
15. Ne4 Ba7 16. b4 Rh6 17. Ng3 Qh4 18. h3 c6 19. Be4 f6 20. Bf5 Nf7 21. Bxc8
Rxc8 22. Nf5 Qxc4 23. Ne7+ Kf8 24. Nxc8 Bb8 25. Qd7 g5 26. Rac1 Qe4 27. Ne7 g4
28. Qf5 Nd6 29. Qxe4 Nxe4 30. Nf5 Rg6 31. hxg4 1-0

[Event "19. Obert Int. Sant Marti 2017 - B"]
[Site "Barcelona ESP"]
[Date "2017.07.21"]
[Round "9.19"]
[White "Poyato Ruiz, Fernando"]
[Black "Aarav, Dengla"]
[Result "1-0"]
[WhiteElo "1863"]
[BlackElo "1177"]
[PlyCount "135"]
[EventDate "2017.07.13"]
[EventType "swiss"]
[EventRounds "9"]
[EventCountry "ESP"]
[SourceTitle "Ajedrez en Madrid"]
[Source "lmi"]
[SourceDate "2017.07.13"]
[SourceVersion "1"]
[SourceVersionDate "2019.06.21"]
[SourceQuality "1"]

1. d4 d5 2. c4 c6 3. Nc3 Nf6 4. Nf3 dxc4 5. a4 Bf5 6. e3 e6 7. Bxc4 Bb4 8. O-O
Nbd7 9. Bd2 O-O 10. Re1 Bg4 11. h3 Bh5 12. Be2 Bxf3 13. Bxf3 e5 14. dxe5 Nxe5
15. Be2 Nd3 16. Bxd3 Qxd3 17. Qb3 a5 18. Red1 Rad8 19. Be1 Qg6 20. Rxd8 Rxd8
21. Rd1 Rd7 22. Rxd7 Nxd7 23. Qd1 Qd6 24. Qxd6 Bxd6 25. Ne4 Bc7 26. Kf1 f5 27.
Nd2 Nc5 28. b3 Kf7 29. Ke2 b5 30. axb5 cxb5 31. f3 Be5 32. e4 f4 33. Bf2 Bd6
34. Bxc5 Bxc5 35. Kd3 Kg6 36. Nb1 a4 37. bxa4 bxa4 38. Kc4 a3 39. Kb3 Kh5 40.
Nxa3 Kh4 41. Nb5 Kg3 42. Kc4 Bf8 43. Kd5 Kxg2 44. Nd4 g5 45. Ke6 Kxh3 46. Kf6
h6 47. Kf7 Bd6 48. Kg6 Kg3 49. Nf5+ Kxf3 50. Nxd6 g4 51. e5 g3 52. e6 g2 53. e7
g1=Q+ 54. Kf7 Qe1 55. Nf5 h5 56. Nd4+ Kg2 57. Ne6 f3 58. e8=Q f2 59. Qa8+ Kg1
60. Qg8+ Kh2 61. Qb8+ Kg2 62. Qa8+ Kg3 63. Qg8+ Kf3 64. Qa8+ Kg3 65. Qg8+ Kh4
66. Qg5+ Kh3 67. Nf4+ Kh2 68. Qg2# 1-0

[Event "19. Obert Int. Sant Marti 2017 - B"]
[Site "Barcelona ESP"]
[Date "2017.07.21"]
[Round "9.20"]
[White "Grasa Solanas, Oscar"]
[Black "Moreno Perez, Norberto"]
[Result "0-1"]
[WhiteElo "1676"]
[BlackElo "1851"]
[PlyCount "124"]
[EventDate "2017.07.13"]
[EventType "swiss"]
[EventRounds "9"]
[EventCountry "ESP"]
[SourceTitle "Ajedrez en Madrid"]
[Source "lmi"]
[SourceDate "2017.07.13"]
[SourceVersion "1"]
[SourceVersionDate "2019.06.21"]
[SourceQuality "1"]

1. c4 e6 2. e3 Nf6 3. Nf3 Be7 4. d4 d5 5. Nc3 O-O 6. Bd3 c5 7. O-O a6 8. dxc5
Bxc5 9. Qc2 Nc6 10. a3 Ba7 11. cxd5 exd5 12. Rd1 Bg4 13. Be2 Rc8 14. Qd3 Ne7
15. Qb1 Qd6 16. h3 Bh5 17. e4 Bxf3 18. Bxf3 Qg3 19. Rf1 Rfd8 20. Ne2 Qh4 21. e5
Nd7 22. Bf4 Rc4 23. Bg3 Qg5 24. b3 Rc6 25. Bf4 Qh4 26. Qd1 Nf8 27. Qd2 h6 28.
Rac1 Ne6 29. Rxc6 bxc6 30. Bg3 Qg5 31. Qb4 Nf5 32. Qg4 Nxg3 33. Qxg3 Qxg3 34.
Nxg3 Nd4 35. Bd1 a5 36. Ne2 Re8 37. Nxd4 Bxd4 38. Re1 Kf8 39. Kf1 Bxe5 40. a4
f6 41. Bc2 Rb8 42. Rd1 Ke7 43. Ke2 Kd6 44. Kd3 Rb4 45. Ke3 g5 46. f3 h5 47. g4
h4 48. Rd3 c5 49. Rd1 Bf4+ 50. Ke2 Ke5 51. Rd3 c4 52. bxc4 dxc4 53. Rd8 Rb2 54.
Kd1 Ra2 55. Ra8 Kd4 56. Rxa5 c3 57. Rb5 Ke3 58. Bb3 Rd2+ 59. Kc1 Kxf3 60. Kb1
Rb2+ 61. Ka1 Be5 62. Bd1+ Kg3 0-1

[Event "19. Obert Int. Sant Marti 2017 - B"]
[Site "Barcelona ESP"]
[Date "2017.07.21"]
[Round "9.21"]
[White "Corominas Garrido, Jordi"]
[Black "Pascual Gonzalez-Novelles, Carles"]
[Result "1-0"]
[WhiteElo "1864"]
[BlackElo "1683"]
[PlyCount "49"]
[EventDate "2017.07.13"]
[EventType "swiss"]
[EventRounds "9"]
[EventCountry "ESP"]
[SourceTitle "Ajedrez en Madrid"]
[Source "lmi"]
[SourceDate "2017.07.13"]
[SourceVersion "1"]
[SourceVersionDate "2019.06.21"]
[SourceQuality "1"]

1. c4 Nf6 2. Nc3 c6 3. e4 e5 4. Nf3 d6 5. d4 exd4 6. Nxd4 Nbd7 7. Be2 Nc5 8.
Qc2 Bg4 9. f3 Bh5 10. Be3 Be7 11. Nf5 O-O 12. Rd1 Bg6 13. Bxc5 Bxf5 14. exf5
Qc7 15. Bf2 Nh5 16. O-O d5 17. g3 Bd6 18. f4 Nxf4 19. gxf4 Bxf4 20. h3 Be3 21.
Kg2 Rae8 22. Bxe3 Rxe3 23. Rf3 Rfe8 24. Rd3 d4 25. Rdxe3 1-0

[Event "19. Obert Int. Sant Marti 2017 - B"]
[Site "Barcelona ESP"]
[Date "2017.07.21"]
[Round "9.22"]
[White "Lozano Ruiz, David"]
[Black "Moreno Oller, Victor"]
[Result "1/2-1/2"]
[WhiteElo "1844"]
[BlackElo "1730"]
[PlyCount "35"]
[EventDate "2017.07.13"]
[EventType "swiss"]
[EventRounds "9"]
[EventCountry "ESP"]
[SourceTitle "Ajedrez en Madrid"]
[Source "lmi"]
[SourceDate "2017.07.13"]
[SourceVersion "1"]
[SourceVersionDate "2019.06.21"]
[SourceQuality "1"]

1. c4 e5 2. g3 g6 3. Bg2 Bg7 4. Nc3 Nc6 5. e4 d6 6. Nge2 Nge7 7. d3 O-O 8. O-O
f5 9. Nd5 h6 10. Be3 Nb8 11. Qd2 Kh7 12. d4 c6 13. Nxe7 Qxe7 14. Rac1 fxe4 15.
Bxe4 exd4 16. Qd3 dxe3 17. Bxg6+ Kh8 18. fxe3 1/2-1/2

[Event "19. Obert Int. Sant Marti 2017 - B"]
[Site "Barcelona ESP"]
[Date "2017.07.21"]
[Round "9.23"]
[White "Anjali, R. Sagar"]
[Black "Molina Hernandez, Albert"]
[Result "0-1"]
[WhiteElo "1724"]
[BlackElo "1840"]
[PlyCount "52"]
[EventDate "2017.07.13"]
[EventType "swiss"]
[EventRounds "9"]
[EventCountry "ESP"]
[SourceTitle "Ajedrez en Madrid"]
[Source "lmi"]
[SourceDate "2017.07.13"]
[SourceVersion "1"]
[SourceVersionDate "2019.06.21"]
[SourceQuality "1"]

1. e4 c5 2. Nf3 Nc6 3. d4 cxd4 4. Nxd4 e5 5. Nb5 a6 6. Nd6+ Bxd6 7. Qxd6 Qf6 8.
Qa3 Qg6 9. f3 Nge7 10. Be3 O-O 11. Bc5 Re8 12. Nc3 d5 13. Nxd5 Nxd5 14. exd5
Nd4 15. Bxd4 exd4+ 16. Kd2 Bf5 17. g4 Qg5+ 18. Kd1 Re3 19. Qd6 Rae8 20. Bc4
Bxg4 21. fxg4 Qxg4+ 22. Kc1 Qg5 23. Kd1 h6 24. Qb4 Qg2 25. Rf1 d3 26. Bxd3
Rxd3+ 0-1

[Event "19. Obert Int. Sant Marti 2017 - B"]
[Site "Barcelona ESP"]
[Date "2017.07.21"]
[Round "9.24"]
[White "Julia Yebra, David"]
[Black "Bes Alvarez, Alex"]
[Result "1/2-1/2"]
[WhiteElo "1840"]
[BlackElo "1620"]
[PlyCount "77"]
[EventDate "2017.07.13"]
[EventType "swiss"]
[EventRounds "9"]
[EventCountry "ESP"]
[SourceTitle "Ajedrez en Madrid"]
[Source "lmi"]
[SourceDate "2017.07.13"]
[SourceVersion "1"]
[SourceVersionDate "2019.06.21"]
[SourceQuality "1"]

1. c4 b6 2. Nf3 Nf6 3. g3 Bb7 4. Bg2 e6 5. O-O Be7 6. Nc3 O-O 7. b3 c5 8. Bb2
d5 9. cxd5 exd5 10. d4 Na6 11. dxc5 bxc5 12. e3 Nc7 13. Ne5 Ne6 14. Rc1 Rc8 15.
Qe2 Qa5 16. Rfd1 Rfd8 17. Ba1 Ba6 18. Qe1 d4 19. Nc6 Rxc6 20. Bxc6 dxc3 21.
Bxc3 Rxd1 22. Rxd1 Qc7 23. Bg2 c4 24. Ba5 Qe5 25. bxc4 Bxc4 26. Bc3 Qf5 27. Rb1
h6 28. Rb8+ Nf8 29. Rb7 Bc5 30. Bd4 Bxa2 31. Rb5 N6d7 32. g4 Qd3 33. Rxc5 Nxc5
34. Bxc5 Bd5 35. e4 Be6 36. h3 a6 37. Bf1 Qf3 38. Bg2 Qd3 39. Bf1 1/2-1/2

[Event "19. Obert Int. Sant Marti 2017 - B"]
[Site "Barcelona ESP"]
[Date "2017.07.21"]
[Round "9.25"]
[White "Tortosa Moros, Joan"]
[Black "Robaina Bordon, Hector"]
[Result "0-1"]
[WhiteElo "1672"]
[BlackElo "1805"]
[PlyCount "190"]
[EventDate "2017.07.13"]
[EventType "swiss"]
[EventRounds "9"]
[EventCountry "ESP"]
[SourceTitle "Ajedrez en Madrid"]
[Source "lmi"]
[SourceDate "2017.07.13"]
[SourceVersion "1"]
[SourceVersionDate "2019.06.21"]
[SourceQuality "1"]

1. e4 c6 2. Nc3 d5 3. Nf3 Bg4 4. h3 Bxf3 5. Qxf3 dxe4 6. Nxe4 Nd7 7. Bc4 e6 8.
Bb3 Ngf6 9. Nxf6+ Nxf6 10. d3 h6 11. Bd2 Be7 12. O-O-O a5 13. a3 Nd5 14. Qg4
Bf6 15. Rde1 b5 16. Bxd5 Qxd5 17. Qe4 O-O 18. Qxd5 cxd5 19. g4 b4 20. a4 Bh4
21. Re2 Rac8 22. Kb1 Rc6 23. f4 Rfc8 24. Be3 Be7 25. Rg1 Kf8 26. g5 h5 27. g6
f6 28. Bd4 Ke8 29. Be3 Kd7 30. Bd4 Bc5 31. Bxc5 Rxc5 32. Rge1 R5c6 33. Rf1 Re8
34. Rf3 Re7 35. Rfe3 Rc8 36. Rg3 Rce8 37. Rg1 e5 38. fxe5 Rxe5 39. Rxe5 Rxe5
40. h4 Rf5 41. Ka2 Rf4 42. Rh1 Rg4 43. c3 bxc3 44. bxc3 Rxa4+ 45. Kb3 Rg4 46.
Ra1 a4+ 47. Rxa4 Rxg6 48. Rd4 Ke6 49. c4 dxc4+ 50. dxc4 Rg4 51. Rd1 Rxh4 52. c5
Rh3+ 53. Kb4 Rh2 54. Rc1 Rb2+ 55. Ka5 Kd7 56. Rg1 Kc6 57. Rxg7 Rb5+ 58. Ka4
Rxc5 59. Rh7 Kd6 60. Kb4 Rg5 61. Kc4 Rg4+ 62. Kd3 h4 63. Ke3 Ke5 64. Kf3 Ra4
65. Rh5+ f5 66. Kg2 Rg4+ 67. Kh3 Kf4 68. Rh8 Kf3 69. Ra8 Kf4 70. Ra4+ Kg5 71.
Ra8 Rg3+ 72. Kh2 Kg4 73. Rg8+ Kf4 74. Rh8 Rg4 75. Ra8 Rg7 76. Ra4+ Kg5 77. Kh3
Re7 78. Ra8 Re3+ 79. Kh2 f4 80. Rg8+ Kf5 81. Rf8+ Kg4 82. Rg8+ Kf3 83. Rh8 Re2+
84. Kg1 Kg3 85. Rg8+ Kf3 86. Rh8 Rg2+ 87. Kh1 Rg4 88. Ra8 Kg3 89. Ra1 f3 90.
Rg1+ Kf4 91. Rf1 Ke3 92. Ra1 Rd4 93. Re1+ Kf2 94. Ra1 Ke2 95. Rg1 Rd1 0-1

[Event "19. Obert Int. Sant Marti 2017 - B"]
[Site "Barcelona ESP"]
[Date "2017.07.21"]
[Round "9.28"]
[White "Low, Ethan"]
[Black "Madrid Sole, Antonio"]
[Result "1/2-1/2"]
[WhiteElo "1643"]
[BlackElo "1772"]
[PlyCount "44"]
[EventDate "2017.07.13"]
[EventType "swiss"]
[EventRounds "9"]
[EventCountry "ESP"]
[SourceTitle "Ajedrez en Madrid"]
[Source "lmi"]
[SourceDate "2017.07.13"]
[SourceVersion "1"]
[SourceVersionDate "2019.06.21"]
[SourceQuality "1"]

1. e4 e6 2. d4 d5 3. Nc3 Nf6 4. e5 Nfd7 5. f4 c5 6. Nf3 Nc6 7. Be3 cxd4 8. Nxd4
Nxd4 9. Bxd4 a6 10. Qd2 Bc5 11. Rd1 Bxd4 12. Qxd4 Qb6 13. b3 Qxd4 14. Rxd4 O-O
15. g3 f6 16. Bh3 fxe5 17. Bxe6+ Kh8 18. Rxd5 Nf6 19. Rxe5 Bxe6 20. Rxe6 Rac8
21. Re3 Ng4 22. Rf3 Ne5 1/2-1/2

[Event "19. Obert Int. Sant Marti 2017 - B"]
[Site "Barcelona ESP"]
[Date "2017.07.21"]
[Round "9.29"]
[White "Varela Cuadrado, Cesar"]
[Black "Febrero Perez, Lluis"]
[Result "1-0"]
[WhiteElo "1770"]
[BlackElo "1488"]
[PlyCount "57"]
[EventDate "2017.07.13"]
[EventType "swiss"]
[EventRounds "9"]
[EventCountry "ESP"]
[SourceTitle "Ajedrez en Madrid"]
[Source "lmi"]
[SourceDate "2017.07.13"]
[SourceVersion "1"]
[SourceVersionDate "2019.06.21"]
[SourceQuality "1"]

1. e4 e5 2. Nf3 Nc6 3. d4 exd4 4. Nxd4 Qh4 5. Nc3 Bb4 6. Be2 Qxe4 7. Ndb5 Bxc3+
8. bxc3 Kd8 9. O-O Nf6 10. Re1 Qd5 11. Nd4 Qc5 12. Qd3 Re8 13. Nxc6+ Qxc6 14.
Bg5 h6 15. Bf3 Qb6 16. Bxf6+ Qxf6 17. Rxe8+ Kxe8 18. Re1+ Kf8 19. Qh7 g5 20.
Bh5 a5 21. Bxf7 Qxf7 22. Qxh6+ Qg7 23. Re8+ Kxe8 24. Qxg7 Ra6 25. Qg8+ Ke7 26.
Qxc8 Rc6 27. Qxb7 Rxc3 28. Qe4+ Kd8 29. a4 1-0

[Event "19. Obert Int. Sant Marti 2017 - B"]
[Site "Barcelona ESP"]
[Date "2017.07.21"]
[Round "9.32"]
[White "Mas Sayos, Lluis"]
[Black "Costa Trave, Jaume"]
[Result "1/2-1/2"]
[WhiteElo "1668"]
[BlackElo "1922"]
[PlyCount "147"]
[EventDate "2017.07.13"]
[EventType "swiss"]
[EventRounds "9"]
[EventCountry "ESP"]
[SourceTitle "Ajedrez en Madrid"]
[Source "lmi"]
[SourceDate "2017.07.13"]
[SourceVersion "1"]
[SourceVersionDate "2019.06.21"]
[SourceQuality "1"]

1. d4 d5 2. c4 e5 3. dxe5 d4 4. Nf3 Nc6 5. Bf4 Be6 6. e3 Bb4+ 7. Nbd2 dxe3 8.
Bxe3 Nge7 9. Be2 Ng6 10. O-O Ncxe5 11. Qc2 Be7 12. Rad1 Qc8 13. Nxe5 Nxe5 14.
Nf3 Nc6 15. a3 h6 16. Rfe1 a5 17. Bf4 Bf6 18. Bf1 O-O 19. Ne5 Ne7 20. h3 Nf5
21. Qe2 c5 22. Nf3 Qc6 23. Be5 Be7 24. g4 Nh4 25. Nxh4 Bxh4 26. Bg2 Qb6 27. Rd6
Qb3 28. Bd5 Rae8 29. Qf3 Qxf3 30. Bxf3 Bxc4 31. Bxb7 Bf6 32. Bc3 Rxe1+ 33. Bxe1
Bxb2 34. Ba6 Be6 35. Bxa5 Bxa3 36. Rc6 Rb8 37. Bc7 Rb1+ 38. Kh2 c4 39. Bxc4 Bd7
40. Ra6 Bf8 41. Ra8 Bc6 42. Rd8 Rh1+ 43. Kg3 Rg1+ 44. Kf4 g5+ 45. Ke3 Re1+ 46.
Kd2 Re8 47. Rxe8 Bxe8 48. Bb6 Bc6 49. Bf1 Bd6 50. Ke3 Bf4+ 51. Kd4 Kg7 52. Kc5
Bf3 53. Kc4 h5 54. Bd4+ Kh6 55. gxh5 Kxh5 56. Bf6 Bb7 57. Kd4 Bc8 58. Bc4 Kg6
59. Be5 Bxe5+ 60. Kxe5 Bxh3 61. Bd3+ Kg7 62. Be2 f6+ 63. Ke4 Kg6 64. Kf3 f5 65.
Kg3 g4 66. f4 gxf3 67. Bxf3 Bf1 68. Bc6 Kg5 69. Kf2 Bc4 70. Bd7 f4 71. Bc6 Kf5
72. Bd7+ Ke5 73. Bg4 Ke4 74. Bh5 1/2-1/2

[Event "19. Obert Int. Sant Marti 2017 - B"]
[Site "Barcelona ESP"]
[Date "2017.07.21"]
[Round "9.33"]
[White "Muhammad, Qasim"]
[Black "Catala Ulied, Guillem"]
[Result "1/2-1/2"]
[WhiteElo "1899"]
[BlackElo "1693"]
[PlyCount "140"]
[EventDate "2017.07.13"]
[EventType "swiss"]
[EventRounds "9"]
[EventCountry "ESP"]
[SourceTitle "Ajedrez en Madrid"]
[Source "lmi"]
[SourceDate "2017.07.13"]
[SourceVersion "1"]
[SourceVersionDate "2019.06.21"]
[SourceQuality "1"]

1. e4 c5 2. Nf3 d6 3. d4 Nf6 4. Nc3 cxd4 5. Nxd4 g6 6. f4 Nc6 7. Be3 Bg7 8. Be2
O-O 9. Nb3 Bd7 10. g4 Rc8 11. g5 Ne8 12. Qd2 Na5 13. Qd5 Nc6 14. O-O-O Nb4 15.
Qxb7 Rxc3 16. bxc3 Nxa2+ 17. Kd2 Bxc3+ 18. Kd3 Bc8 19. Qxa7 Ba6+ 20. Qxa6 Nb4+
21. Kxc3 Nxa6 22. Bxa6 Qa8 23. Bd3 Nc7 24. Ra1 Qc6+ 25. Kd2 d5 26. Nd4 Qd6 27.
e5 Qb4+ 28. Ke2 Ne6 29. Nxe6 fxe6 30. Rhf1 Rb8 31. h4 Kg7 32. h5 Rh8 33. Rfb1
Qc3 34. Ra7 Kf7 35. Rb3 Qc8 36. Rb6 Rd8 37. Raa6 Rg8 38. Rc6 Qd8 39. Bb6 Qe8
40. Bc5 Qd7 41. Rxe6 Qxe6 42. Rxe6 Kxe6 43. Kf3 Kf7 44. Kg4 e6 45. Bd6 Rc8 46.
Kf3 Ra8 47. hxg6+ hxg6 48. c4 dxc4 49. Bxc4 Rc8 50. Bd3 Rc3 51. Ke3 Rc8 52. Kd4
Ra8 53. Bc4 Rg8 54. Kc5 Rh8 55. f5 gxf5 56. g6+ Kxg6 57. Bxe6 f4 58. Kd4 Kg5
59. Ke4 Rh7 60. Bc8 f3 61. Kxf3 Kg6 62. Be6 Rh5 63. Ke4 Rh1 64. Bf5+ Kf7 65.
e6+ Kf6 66. Be5+ Ke7 67. Bc3 Rb1 68. Kf4 Rb6 69. Ke5 Rb5+ 70. Ke4 Rb6 1/2-1/2

[Event "19. Obert Int. Sant Marti 2017 - B"]
[Site "Barcelona ESP"]
[Date "2017.07.21"]
[Round "9.34"]
[White "Serentill Tost, Eduard"]
[Black "Perez Garcia, Francisco Jose"]
[Result "1-0"]
[WhiteElo "1639"]
[BlackElo "1814"]
[PlyCount "85"]
[EventDate "2017.07.13"]
[EventType "swiss"]
[EventRounds "9"]
[EventCountry "ESP"]
[SourceTitle "Ajedrez en Madrid"]
[Source "lmi"]
[SourceDate "2017.07.13"]
[SourceVersion "1"]
[SourceVersionDate "2019.06.21"]
[SourceQuality "1"]

1. e4 c5 2. Nf3 e6 3. d4 cxd4 4. Nxd4 a6 5. a3 Qc7 6. Be2 Nf6 7. Nc3 Be7 8. O-O
O-O 9. Be3 b5 10. Bf3 Bb7 11. Qd3 Nc6 12. Nxc6 dxc6 13. Qd4 c5 14. Qd2 Rfd8 15.
Qe2 b4 16. axb4 cxb4 17. Na4 Qe5 18. Nb6 Rab8 19. Nc4 Qb5 20. Ra5 Qd7 21. Bf4
Rbc8 22. Nb6 Qd4 23. Nxc8 Rxc8 24. b3 Nxe4 25. Bxe4 Bxe4 26. Be3 Qd8 27. Ra2
Qd5 28. f3 Bf5 29. Rd1 Qe5 30. Rd2 h6 31. Bd4 Qf4 32. Qe5 Qxe5 33. Bxe5 Bc5+
34. Kf1 Be3 35. Re2 Bg5 36. Bd6 Rd8 37. Bxb4 Bf4 38. g3 Rd1+ 39. Re1 Bd2 40.
Rxd1 Bxb4 41. Rd8+ Kh7 42. Ra8 a5 43. R8xa5 1-0

[Event "19. Obert Int. Sant Marti 2017 - B"]
[Site "Barcelona ESP"]
[Date "2017.07.21"]
[Round "9.35"]
[White "Cespedes, Sandra"]
[Black "Garcia Punzano, Josep Lluis"]
[Result "0-1"]
[WhiteElo "1814"]
[BlackElo "1683"]
[PlyCount "120"]
[EventDate "2017.07.13"]
[EventType "swiss"]
[EventRounds "9"]
[EventCountry "ESP"]
[SourceTitle "Ajedrez en Madrid"]
[Source "lmi"]
[SourceDate "2017.07.13"]
[SourceVersion "1"]
[SourceVersionDate "2019.06.21"]
[SourceQuality "1"]

1. e4 c5 2. Nf3 d6 3. d4 cxd4 4. Nxd4 Nf6 5. Nc3 g6 6. Bc4 Bg7 7. O-O O-O 8. h3
Nc6 9. Nf3 a6 10. a3 Qc7 11. Ba2 b5 12. Re1 Bb7 13. Rb1 Nd7 14. Nd5 Qd8 15. Bg5
h6 16. Bh4 Re8 17. c4 bxc4 18. Bxc4 Nde5 19. Nxe5 Nxe5 20. Bxe7 Rxe7 21. Nxe7+
Qxe7 22. Qb3 Nxc4 23. Qxc4 Rc8 24. Qd3 Qe5 25. Kh1 Qf4 26. Kg1 Be5 27. g3 Qf6
28. Re2 Bd4 29. Rd2 Ba7 30. Kg2 Qe5 31. f3 Bb8 32. Re1 Re8 33. Qd4 Qxd4 34.
Rxd4 d5 35. Rb4 Bc6 36. Rc1 Bb5 37. a4 Bd6 38. Rd4 Be5 39. Rxd5 Bxa4 40. Ra1
Bb5 41. Rd2 Rc8 42. f4 Bf6 43. h4 g5 44. hxg5 hxg5 45. e5 Be7 46. Kf3 Kg7 47.
f5 Bb4 48. Rd4 a5 49. Kg4 f6 50. e6 Be2+ 51. Kh3 g4+ 52. Kg2 Bf3+ 53. Kf1 Rh8
54. Rd7+ Kh6 55. Rc1 Kg5 56. Rg7+ Kxf5 57. Kf2 Rh2+ 58. Kg1 Rh1+ 59. Kf2 Rxc1
60. e7 Bc5# 0-1

[Event "19. Obert Int. Sant Marti 2017 - B"]
[Site "Barcelona ESP"]
[Date "2017.07.21"]
[Round "9.36"]
[White "David, Dorian-Ciprian"]
[Black "Sanchez Paz, Josep"]
[Result "1-0"]
[WhiteElo "1768"]
[BlackElo "1657"]
[PlyCount "55"]
[EventDate "2017.07.13"]
[EventType "swiss"]
[EventRounds "9"]
[EventCountry "ESP"]
[SourceTitle "Ajedrez en Madrid"]
[Source "lmi"]
[SourceDate "2017.07.13"]
[SourceVersion "1"]
[SourceVersionDate "2019.06.21"]
[SourceQuality "1"]

1. b4 Nf6 2. Bb2 g6 3. e3 Bg7 4. c4 O-O 5. Nf3 d6 6. h3 b6 7. d3 Bb7 8. Nc3 e5
9. e4 Nc6 10. a3 Ne7 11. Be2 Re8 12. g4 c6 13. g5 Nh5 14. b5 Nf4 15. Bc1 Ng2+
16. Kf1 Nf4 17. Bxf4 exf4 18. Rc1 c5 19. Qd2 Be5 20. Bd1 Qc7 21. Ne2 d5 22.
cxd5 Nxd5 23. exd5 Bxd5 24. Kg2 Rad8 25. Nc3 Bb7 26. Re1 Qe7 27. Ne4 Bc7 28.
Nf6+ 1-0